Amanhecer (Registo nº 1015)

Detalhes MARC
000 -Etiqueta do registo
Cabeçalho 00817nam a2200313 i 4500
005 - Identificador da versão
Campo de controlo 20240813121823.0
010 ## - Número internacional normalizado dos livros (ISBN)
Número (ISBN) 9789895575886
021 ## - Número do Depósito Legal
Código do país PT
Número 292561/09
035 ## - Other System Control Numbers
System Control Number 0001063
System Control Number 0001063
100 ## - Dados gerais de processamento
Dados gerais de processamento 20090624d2009 em y0pory5003 ba
102 ## - Pais de publicação ou produção
País de publicação Portugal
101 1# - Língua de publicação
Língua do texto, banda sonora, etc. Português
Língua do documento no original Inglês
106 ## - Campo de dados codificados: material textual
Dados codificados do material textual r
105 ## - Campo de dados codificados: livros
Dados codificados dos livros y z 000ay
215 ## - Descrição física 
Indicação específica da natureza do documento e extensão da espécie 477 p.
200 1# - Titulo e menção de responsabilidade
Título próprio Amanhecer
Informação de outro título livro quarto do ciclo
-- luz e escuridão
Primeira menção de responsabilidade Stephenie Meyer
Outras menções de responsabilidade trad.Maria Peres
225 2# - Colecção 
Título próprio da colecção Mil e um mundos
205 ## - Menção da edição
Menção da edição 3ª ed
210 ## - Publicação, Distribuição, etc. 
Lugar da edição, distribuição, etc. Alfragide
Nome do editor, distribuidor, etc. Gailivro
Data da publicação, distribuição, etc. 2009
304 ## - Notas relativas a título e menção de responsabilidade 
Texto da nota Tít orig.: Breaking dawn
675 ## - Classificação Decimal Universal (CDU)
Notação 82-312.4
Edição BN
Língua da edição por
702 #1 - Nome de autor-pessoa física (responsabilidade secundária)
Número de registo de entrada de autoridade 0001375
Palavra de ordem Peres
Outra parte do nome não tomada para palavra de ordem Maria
Código de função Tradutor
700 #1 - Nome de autor-pessoa física (responsabilidade principal)
Número de registo de entrada de autoridade 0001358
Palavra de ordem Meyer
Outra parte do nome não tomada para palavra de ordem Stephenie
942 ## - Elementos de entrada adicionados (Koha)
Tipo de item no Koha Livro
Exemplares
Situação do levantamento Origin of item (home branch) (coded) Biblioteca de empréstimo Código de barras Cota Circulation type (not for loan) Tipo de documento Nota do exemplar Damaged status
  Biblioteca Escolar Eng. Nuno Mergulhão Biblioteca Escolar Eng. Nuno Mergulhão BENM1868 8EST MEY   Livro Sem mensagem